Vista normal Vista MARC

Entrada Personal Name

Número de registros utilizados en: 1

001 - CONTROL NUMBER

  • control field: 61074

003 - CONTROL NUMBER IDENTIFIER

  • control field: OSt

005 - DATE AND TIME OF LATEST TRANSACTION

  • control field: 20250714111144.0

008 - FIXED-LENGTH DATA ELEMENTS

  • fixed length control field: 250714|| aca||aabn | a|a d

040 ## - CATALOGING SOURCE

  • Original cataloging agency: OSt
  • Transcribing agency: OSt

100 ## - HEADING--PERSONAL NAME

  • Personal name: Tatee,
  • Dates associated with a name: 1985-

670 ## - SOURCE DATA FOUND

  • Source citation: Work cat.: (OSt)57582: Tatee, 1985- aut, Las cosas que ya no están /









Instituto Departamental de Cultura del Meta - Red Departamental de Bibliotecas Públicas del Meta.